Slovenčina interkultúrne

Nová učebnica slovenčiny Slovenčina interkultúrne – učebnica slovenčiny pre študentov hovoriacich nemecky rozvíja všetky jazykové zručnosti. Učebné materiály sú spracované na základe komunikatívneho a interaktívneho prístupu. Výrazne sa tu uplatňuje aj princíp interkulturality, ktorý podčiarkuje aj...

Ausführliche Beschreibung

Gespeichert in:
Bibliographische Detailangaben
1. Verfasser: Nemčoková, Viera
Format: Buchkapitel
Sprache:Slowakisch
Schlagworte:
Tags: Tag hinzufügen
Keine Tags, Fügen Sie das erste Tag hinzu!

MARC

LEADER 00000nla$a2200000$$$4500
001 0117011
005 20221129080609.6
041 0 |a slo 
044 |a SK 
245 1 0 |a Slovenčina interkultúrne  |c Viera Nemčoková 
520 |a Nová učebnica slovenčiny Slovenčina interkultúrne – učebnica slovenčiny pre študentov hovoriacich nemecky rozvíja všetky jazykové zručnosti. Učebné materiály sú spracované na základe komunikatívneho a interaktívneho prístupu. Výrazne sa tu uplatňuje aj princíp interkulturality, ktorý podčiarkuje aj grafické poňatie a spracovanie celej učebnice. Ako východiskové texty sú použité ukážky zo slovenskej literatúry, slovenských periodík a z internetu. 
610 2 0 |a jazyky cudzie 
610 2 0 |a slovenčina 
610 2 0 |a učebnice 
610 2 0 |a zručnosti 
100 1 |a Nemčoková, Viera